000 00312nam a2200133Ia 4500
008 221030s9999 xx 000 0 und d
041 _aEnglish
082 _a105.23
100 _aV. S. P. Rao
245 0 _aHuman Resource Management Text & Cases
_cby V. S. P. Rao
260 _c0
650 _aMb
942 _cBK
999 _c12687
_d12687